000 00739nam a22001937a 4500
999 _c16924
_d16924
003 AR-CdUCM
008 190506b ||||| |||| 00| 0 sap d
040 _aMUNICIPALIDAD PROVINCIAL DEL CUSCO
_cBIBLIOTECA MUNICIPAL DEL CUSCO
082 _a980 /
_bC27
100 _aCapdevilla, Arturo.
_936680
245 _aAmérica :
_bNuestras naciones ante los estados unidos /
260 _aBuenos Aires :
_bM. Gleizer,
_c1926.
300 _a161 páginas ;
_c19 cm.
505 _aContenido :Donde se hace el elogio de las ciudades nuevas y se comienza a declarar que el hombre es una deuda -- Donde al ¿quién vive? ...
650 _aAmérica latina.
_94491
650 _aEstados unidos.
_929155
942 _2ddc
_cLIBROS
945 _arum
_d2019-05-06